Statistics for Double Trouble - US Presidents

Click here to take the quiz!

General Stats

  • This quiz has been taken 22 times
  • The average score is 33 of 40

Answer Stats

HintPresident% Correct
" "Fillmore
100%
" "Ford
100%
1) Fieldson / GarjackGarfield
100%
4) Grad / ForntGrant
100%
3) Overfill / HomoreHoover
100%
" "Jackson
100%
7) Trolk / PumpPolk
100%
" "Truman
100%
" "Trump
100%
5) Manson / WiltruWilson
100%
6) Risonidge / HarcoolCoolidge
95%
" "Harrison
95%
2) Carbi / TerdenBiden
91%
" "Carter
91%
" "Kennedy
91%
12) Eisenbuch / AnanhowerEisenhower
86%
8) Hanedy / YeskenHayes
86%
13) Rooburen / SeveltvanRoosevelt
86%
" "Buchanan
82%
" "Van Buren
82%
" "Jefferson
77%
15) Disonada / MamsMadison
77%
18) Monferson / JefroeMonroe
77%
" "Obama
77%
14) Tington / AftwashWashington
77%
" "Clinton
73%
10) Colnrea / GanlinLincoln
73%
" "Nixon
73%
9) Mapier / CeobaPierce
73%
" "Taft
73%
" "Adams
68%
17) Bunton / ClishBush
68%
20) Foyes / HardFord
68%
" "Harding
68%
" "Hayes
68%
11) Dingjoh / HarnsonJohnson
68%
19) Mctay / LorkinleyMcKinley
68%
" "Taylor
68%
" "Reagan
64%
16) Nity / LerxonTyler
55%

Score Distribution

Percentile by Number Answered

Percent of People with Each Score

Your Score History

You have not taken this quiz